La Juventud latinoamericana en los procesos de globalización: opción por los jóvenes /
Recalca en lo difícil que resulta ser joven en América Latina debido a los innumerables problemas que aquejan a la región. Son sociedades donde el sistema político y la estructura económica se rigen fuertemente por la lógica de las presiones corporativas, en tanto que los jóvenes se manejan con lógi...
Gespeichert in:
| 1. Verfasser: | |
|---|---|
| Weitere Verfasser: | |
| Format: | Unbekannt |
| Veröffentlicht: |
Buenos Aires:
Instituto Cultural Alemán-Latinoamericano ICALA. FLACSO. Sede Académica de Argentina. EUDEBA. Universidad de Buenos Aires
|
| Schlagworte: | |
| Tags: |
Tag hinzufügen
Keine Tags, Fügen Sie den ersten Tag hinzu!
|
MARC
| LEADER | 00000 a2200000 04500 | ||
|---|---|---|---|
| 001 | 19363 | ||
| 003 | |||
| 008 | 991231s d | ||
| 040 | |a CRAI/IIS |c CRAI/IIS | ||
| 090 | |a 1002 H934j | ||
| 100 | |a Hünermann, Peter | ||
| 245 | |a La Juventud latinoamericana en los procesos de globalización: opción por los jóvenes / |c Peter Hünermann | ||
| 260 | |a Buenos Aires: |b Instituto Cultural Alemán-Latinoamericano ICALA. FLACSO. Sede Académica de Argentina. EUDEBA. Universidad de Buenos Aires | ||
| 300 | |a 384 p. | ||
| 520 | |a Recalca en lo difícil que resulta ser joven en América Latina debido a los innumerables problemas que aquejan a la región. Son sociedades donde el sistema político y la estructura económica se rigen fuertemente por la lógica de las presiones corporativas, en tanto que los jóvenes se manejan con lógicas idealistas, por lo que no son tomados en cuenta y esto se evidencia en las elevadas tasas de desempleo y subempleo juvenil, como víctimas y victimarios de diversas formas de violencia que es un problema creciente en el continente. Propone formas de participación y capacitación juvenil, así como métodos de erradicación de la violencia según las reformas que plantea para el desafío de enfrentar un nuevo siglo. REV/LCL | ||
| 650 | |a JUVENTUD | ||
| 650 | |a DISCRIMINACION | ||
| 650 | |a MARGINALIDAD | ||
| 650 | |a COMPORTAMIENTO SOCIAL | ||
| 650 | |a GRUPOS VULNERABLES | ||
| 650 | |a ORGANIZACIONES JUVENILES | ||
| 650 | |a EMPLEO | ||
| 650 | |a DESEMPLEO | ||
| 650 | |a POBREZA | ||
| 650 | |a BID | ||
| 650 | |a POLITICA SOCIAL | ||
| 700 | |a | ||
| 700 | |a Eckholt, Margit | ||
| 700 | |a | ||
| 999 | |c 881 |d 881 | ||
